[Event "Bundesliga 2022-23"]
[Site "Viernheim GER"]
[Date "2023.02.25"]
[Round "8.8"]
[Board "3"]
[White "Michalik, Peter"]
[Black "Pavlidis, Antonios"]
[Result "1-0"]
[WhiteTitle "GM"]
[BlackTitle "GM"]
[WhiteElo "2558"]
[BlackElo "2550"]
[WhiteTeam "USV TU Dresden"]
[BlackTeam "SC Remagen Sinzig"]
[WhiteFideId "14907526"]
[BlackFideId "4212312"]
[EventDate "2022.10.22"]

1. d4 d5 2. c4 e6 3. Nf3 Nf6 4. Nc3 dxc4 5. e4 b5 6. e5 Nd5 7. Nxb5 Nb6 8. Be2
Nc6 9. O-O Be7 10. Be3 O-O 11. Qc1 Nb4 12. Rd1 Bb7 13. Ne1 N4d5 14. Bxc4 Nxe3
15. fxe3 Bg5 16. b3 Nd5 17. Bxd5 Qxd5 18. Nc3 Qc6 19. Nf3 Bh6 20. Re1 f6 21. Qc2
f5 22. Rac1 Qd7 23. Na4 Bxf3 24. gxf3 f4 25. Qxc7 Qxc7 26. Rxc7 fxe3 27. Kg2
Rad8 28. Rc4 Rf4 29. Rxe3 Rfxd4 30. Rxd4 Rxd4 31. Re2 Bf4 32. Nc3 a6 33. h4 h6
34. Re4 Rxe4 35. Nxe4 a5 36. Nc5 Kf7 37. Nb7 Bd2 38. h5 Ke7 39. Kg3 Bb4 40. Kf4
Kd7 41. Ke4 Ke7 42. f4 Kd7 43. f5 Ke7 44. Nd6 exf5+ 45. Kxf5 Bc3 46. Nc4 Kf7 47.
Ne3 Bb2 48. Nd5 Bd4 49. b4 axb4 50. Nxb4 Bc5 51. Nd5 1-0

[Event "Bundesliga 2022-23"]
[Site "Viernheim GER"]
[Date "2023.02.25"]
[Round "8.8"]
[Board "4"]
[White "Burg, Twan"]
[Black "Neef, Maximilian"]
[Result "1-0"]
[WhiteTitle "GM"]
[BlackTitle "IM"]
[WhiteElo "2511"]
[BlackElo "2481"]
[WhiteTeam "SC Remagen Sinzig"]
[BlackTeam "USV TU Dresden"]
[WhiteFideId "1010697"]
[BlackFideId "24692085"]
[EventDate "2022.10.22"]

1. e4 e6 2. d4 d5 3. Nd2 c5 4. exd5 exd5 5. Bb5+ Nc6 6. Ngf3 Bd6 7. O-O cxd4 8.
Re1+ Ne7 9. Nxd4 O-O 10. N2f3 Bg4 11. Be2 Re8 12. h3 Bh5 13. c3 Rc8 14. Be3 Bb8
15. Nh4 Bxe2 16. Qxe2 Ng6 17. Nhf5 Qc7 18. g3 Qd7 19. Qg4 Nce5 20. Qh5 Nc4 21.
Re2 Re5 22. Qg4 Rd8 23. Rae1 Re4 24. Qh5 Rde8 25. Bc1 Nd6 26. Nxd6 Qxd6 27. Rxe4
dxe4 28. Qb5 Qe7 29. Kg2 a6 30. Qd5 Nf8 31. Rd1 h6 32. Be3 Qc7 33. Nb3 Nh7 34.
Nc5 Nf6 35. Qxb7 Qe5 36. Qxa6 Qh5 37. Re1 Nd5 38. Qe2 Nxe3+ 39. Qxe3 Ba7 40. b4
Re5 41. g4 Qh4 42. Rd1 f5 43. Qg3 Qxg3+ 44. Kxg3 Bxc5 45. Kf4 Bxf2 46. Kxe5 e3
47. gxf5 e2 48. Rb1 e1=Q+ 49. Rxe1 Bxe1 50. b5 Bxc3+ 51. Kd5 Kf7 52. b6 Bd2 53.
Kc6 Ke7 54. Kc7 Ba5 55. a4 h5 56. Kb7 Bd2 57. Kc8 1-0

[Event "Bundesliga 2022-23"]
[Site "Viernheim GER"]
[Date "2023.02.25"]
[Round "8.8"]
[Board "5"]
[White "Maiwald, Jens-Uwe"]
[Black "Cyborowski, Lukasz"]
[Result "1/2-1/2"]
[WhiteTitle "GM"]
[BlackTitle "GM"]
[WhiteElo "2441"]
[BlackElo "2490"]
[WhiteTeam "USV TU Dresden"]
[BlackTeam "SC Remagen Sinzig"]
[WhiteFideId "4612396"]
[BlackFideId "1108760"]
[EventDate "2022.10.22"]

1. Nf3 Nf6 2. g3 g6 3. Bg2 Bg7 4. O-O O-O 5. d3 d5 6. c3 Re8 7. Qa4 e5 8. Bg5 h6
9. Bxf6 Bxf6 10. e4 dxe4 11. dxe4 Nd7 12. Rd1 Qe7 13. Nbd2 Nc5 14. Qc2 a5 15.
Nc4 a4 16. h4 h5 17. b4 axb3 18. axb3 Be6 19. Nfd2 Bg7 20. b4 Nd7 21. Ne3 Nf6
22. Ndc4 Bh6 23. Rxa8 Rxa8 24. Nd5 Bxd5 25. exd5 e4 26. Re1 Rd8 27. Re2 Rxd5 28.
Bxe4 Nxe4 29. Rxe4 Qd7 30. Qe2 Bg7 31. Re8+ Kh7 32. Kh2 Rd1 33. Re3 Qd5 34. Qf3
b5 35. Qxd5 Rxd5 36. Na3 c6 37. c4 bxc4 38. Nxc4 Rd4 39. Na5 Rxb4 1/2-1/2

[Event "Bundesliga 2022-23"]
[Site "Viernheim GER"]
[Date "2023.02.25"]
[Round "8.8"]
[Board "6"]
[White "Jaracz, Pawel"]
[Black "Moehn, Hans"]
[Result "0-1"]
[WhiteTitle "GM"]
[BlackTitle "FM"]
[WhiteElo "2463"]
[BlackElo "2363"]
[WhiteTeam "SC Remagen Sinzig"]
[BlackTeam "USV TU Dresden"]
[WhiteFideId "1102222"]
[BlackFideId "24647837"]
[EventDate "2022.10.22"]

1. e4 c5 2. Nf3 e6 3. d4 cxd4 4. Nxd4 a6 5. Bd3 Qb6 6. c3 Qc7 7. O-O Nf6 8. Qe2
d6 9. c4 Be7 10. Nc3 O-O 11. f4 Nbd7 12. Kh1 b6 13. Bd2 Rd8 14. g4 g6 15. Rac1
Nc5 16. g5 Nxd3 17. Qxd3 Nd7 18. b3 Bb7 19. Kg1 Nc5 20. Qe3 Re8 21. b4 Nd7 22.
f5 Bf8 23. Qh3 exf5 24. Nd5 Bxd5 25. cxd5 Qb7 26. exf5 Qxd5 27. fxg6 hxg6 28.
Nf3 Ne5 29. Rc7 Re7 30. Rxe7 Bxe7 31. Bc3 Nxf3+ 32. Rxf3 Qxg5+ 33. Rg3 Qc1+ 34.
Kg2 Qc2+ 35. Kf1 Qb1+ 36. Ke2 Qe4+ 37. Kd2 Bf6 38. Bxf6 Qf4+ 39. Kc2 Qxf6 40.
Rc3 Kg7 41. Qe3 b5 42. Rc6 Rh8 43. Qg3 Qd4 44. Rxd6 Rc8+ 45. Kb3 Qc4+ 46. Ka3
Qc1+ 47. Kb3 Qc2+ 0-1

[Event "Bundesliga 2022-23"]
[Site "Viernheim GER"]
[Date "2023.02.25"]
[Round "8.8"]
[Board "7"]
[White "Wong, Gengchun"]
[Black "Dgebuadze, Alexandre"]
[Result "1-0"]
[BlackTitle "GM"]
[WhiteElo "2195"]
[BlackElo "2430"]
[WhiteTeam "USV TU Dresden"]
[BlackTeam "SC Remagen Sinzig"]
[WhiteFideId "12963283"]
[BlackFideId "203882"]
[EventDate "2022.10.22"]

1. e4 e6 2. d4 d5 3. Nd2 g6 4. Bd3 Bg7 5. Ngf3 Ne7 6. c3 O-O 7. Qe2 c5 8. dxc5
Nd7 9. Nb3 a5 10. a4 b6 11. exd5 Nxd5 12. cxb6 Qxb6 13. Bb5 Ba6 14. O-O Bxb5 15.
Qxb5 Qxb5 16. axb5 a4 17. Nbd4 N7b6 18. Rd1 Nc4 19. Nd2 Nd6 20. Nb1 a3 21. Rxa3
Bxd4 22. Rxd4 Nxb5 23. Rxa8 Rxa8 24. Rd1 Ra1 25. Bd2 Nd6 26. b3 Ne4 27. Be1 Nf4
28. Kf1 Nc5 29. c4 Ncd3 30. Bc3 Ra2 31. Rd2 Rxd2 32. Nxd2 Nc1 33. Bb2 Na2 34.
Ne4 Nd3 35. Ba3 f5 36. Nc5 Nxc5 37. Bxc5 Kf7 38. b4 Nc1 39. b5 Ke8 40. Be3 Nd3
41. Ke2 Nb2 42. c5 Kd7 43. Bf4 Kc8 44. c6 Nc4 45. Kd3 Nb6 46. Kd4 Nd5 47. Bd6 g5
48. Kc5 Nc3 49. Kb6 Ne4 50. Be5 Nd2 51. Ka7 1-0

[Event "Bundesliga 2022-23"]
[Site "Viernheim GER"]
[Date "2023.02.25"]
[Round "8.8"]
[Board "8"]
[White "Geirnaert, Steven"]
[Black "Lutz, Ruben"]
[Result "1/2-1/2"]
[WhiteTitle "IM"]
[WhiteElo "2399"]
[BlackElo "2098"]
[WhiteTeam "SC Remagen Sinzig"]
[BlackTeam "USV TU Dresden"]
[WhiteFideId "203866"]
[BlackFideId "12975974"]
[EventDate "2022.10.22"]

1. d4 d5 2. c4 e6 3. Nc3 Nf6 4. cxd5 exd5 5. Bg5 Bb4 6. Rc1 h6 7. Bxf6 Qxf6 8.
a3 Bxc3+ 9. Rxc3 c6 10. Nf3 O-O 11. e3 Bf5 12. Ne5 Qe7 13. Be2 a5 14. O-O Nd7
15. Nxd7 Bxd7 16. Qb3 Rfb8 17. Rfc1 a4 18. Qb6 Qd8 19. Qb4 Qf8 20. Qb6 Qd8 21.
Qb4 Qf8 22. Kf1 g6 23. Ke1 h5 24. h4 Kg7 25. Kd2 Qd8 26. Qd6 Be6 27. Qe5+ Qf6
28. Qg3 Qf5 29. Rc5 Bd7 30. Bd3 Qf6 31. f3 b6 32. R5c3 c5 33. Qg5 c4 34. Qxf6+
Kxf6 35. Bc2 b5 36. Ra1 Bc6 37. e4 b4 38. axb4 Rxb4 39. Ra2 Rd8 40. Re3 Rdb8 41.
exd5 Bxd5 42. Kc3 Be6 43. Re1 R4b6 44. Bxa4 Ra8 45. Rea1 Rc8 46. Ra3 Rcb8 47.
R1a2 Rd8 48. Ra1 Rdb8 49. R3a2 Rc8 50. Rd1 Rb3+ 51. Kc2 Re3 52. d5 Bf5+ 53. Kd2
Rd3+ 54. Ke2 Ke5 55. Bc6 Kd4 56. Ra4 Rc7 57. Rc1 Re7+ 58. Kf1 Ree3 59. Raxc4+
Ke5 60. R4c3 Kf4 61. Re1 Rxc3 62. bxc3 Rxc3 63. Kf2 Bd3 64. g3+ Kf5 65. Re3 Rc2+
66. Ke1 Ba6 67. Ra3 Bc4 68. Ra4 Ke5 69. Ra7 Bxd5 70. Bxd5 Kxd5 71. Rxf7 Rg2 72.
Kf1 Rxg3 73. Kf2 Rh3 74. Rf4 Rh2+ 75. Kg3 Re2 1/2-1/2

[Event "Bundesliga 2022-23"]
[Site "Schoenaich GER"]
[Date "2023.02.26"]
[Round "9.1"]
[Board "1"]
[White "Rapport, Richard"]
[Black "Eljanov, Pavel"]
[Result "1-0"]
[WhiteTitle "GM"]
[BlackTitle "GM"]
[WhiteElo "2754"]
[BlackElo "2697"]
[WhiteTeam "OSG Baden-Baden"]
[BlackTeam "Muenchener Schachclub 1836"]
[WhiteFideId "738590"]
[BlackFideId "14102951"]
[EventDate "2022.10.22"]

1. c4 Nf6 2. Nc3 e5 3. Nf3 Nc6 4. g3 d5 5. cxd5 Nxd5 6. Bg2 Bc5 7. Qc2 Nf6 8.
O-O O-O 9. a3 Nd4 10. Nxd4 Bxd4 11. b4 c6 12. Bb2 Re8 13. e3 Bb6 14. Rac1 Qe7
15. Kh1 h5 16. Ne4 Bf5 17. Nxf6+ Qxf6 18. e4 Bg4 19. f3 Bd7 20. f4 Bd4 21. Bxd4
exd4 22. Qd3 a5 23. Rc5 axb4 24. axb4 Ra4 25. Rxh5 Rxb4 26. f5 c5 27. g4 g6 28.
fxg6 Qxg6 29. Rxc5 b6 30. Rd5 Be6 31. Rxd4 Rb3 32. Qe2 b5 33. Rd6 Qg7 34. g5
Qxg5 35. Qf2 Qe5 36. Rc6 Rd8 37. Rc5 Qd4 38. Rg5+ Kf8 39. Qh4 Ra8 40. Rh5 1-0

[Event "Bundesliga 2022-23"]
[Site "Schoenaich GER"]
[Date "2023.02.26"]
[Round "9.1"]
[Board "2"]
[White "Jones, Gawain C B"]
[Black "Vachier-Lagrave, Maxime"]
[Result "1/2-1/2"]
[WhiteTitle "GM"]
[BlackTitle "GM"]
[WhiteElo "2626"]
[BlackElo "2747"]
[WhiteTeam "Muenchener Schachclub 1836"]
[BlackTeam "OSG Baden-Baden"]
[WhiteFideId "409561"]
[BlackFideId "623539"]
[EventDate "2022.10.22"]

1. e4 c5 2. Nf3 d6 3. Bb5+ Bd7 4. Bxd7+ Qxd7 5. d4 cxd4 6. Qxd4 Nc6 7. Qd3 Rc8
8. Nc3 g6 9. O-O Bg7 10. Bg5 h6 11. Bf4 Nf6 12. Rad1 O-O 13. h3 Qe6 14. Rfe1 g5
15. Be3 Nd7 16. Nd4 Nde5 17. Nxe6 Nxd3 18. cxd3 fxe6 19. d4 Na5 20. Rd3 Nc4 21.
Bc1 Nb6 22. Be3 Nc4 23. Bc1 1/2-1/2

[Event "Bundesliga 2022-23"]
[Site "Schoenaich GER"]
[Date "2023.02.26"]
[Round "9.1"]
[Board "3"]
[White "Vitiugov, Nikita"]
[Black "Saric, Ivan"]
[Result "1/2-1/2"]
[WhiteTitle "GM"]
[BlackTitle "GM"]
[WhiteElo "2722"]
[BlackElo "2668"]
[WhiteTeam "OSG Baden-Baden"]
[BlackTeam "Muenchener Schachclub 1836"]
[WhiteFideId "4152956"]
[BlackFideId "14508150"]
[EventDate "2022.10.22"]

1. d4 d5 2. c4 c6 3. Nf3 Nf6 4. e3 a6 5. Nc3 e6 6. b3 Bb4 7. Bd2 Nbd7 8. Bd3 O-O
9. O-O Bd6 10. Rc1 e5 11. cxd5 cxd5 12. dxe5 Nxe5 13. Nxe5 Bxe5 14. Ne2 Bg4 15.
f3 Bh5 16. Bc3 Qb8 17. h3 Rd8 18. Bd4 Bxd4 19. Nxd4 Bg6 20. Be2 Qd6 21. Qd2 h5
22. Rc3 Rac8 23. Rfc1 Rxc3 24. Rxc3 Nh7 25. Qe1 Ng5 26. Qh4 Ne6 27. Nxe6 fxe6
28. Bd3 Bxd3 29. Rxd3 Rc8 30. f4 Qb4 31. Qxh5 Qe1+ 32. Kh2 Rc1 33. Qe8+ Kh7 34.
Qh5+ Kg8 35. Qg6 Kf8 36. Qxe6 Qg1+ 37. Kg3 Qe1+ 38. Kh2 Qg1+ 1/2-1/2

[Event "Bundesliga 2022-23"]
[Site "Schoenaich GER"]
[Date "2023.02.26"]
[Round "9.1"]
[Board "5"]
[White "Wojtaszek, Radoslaw"]
[Black "Martinovic, Sasa"]
[Result "1/2-1/2"]
[WhiteTitle "GM"]
[BlackTitle "GM"]
[WhiteElo "2693"]
[BlackElo "2546"]
[WhiteTeam "OSG Baden-Baden"]
[BlackTeam "Muenchener Schachclub 1836"]
[WhiteFideId "1118358"]
[BlackFideId "14509792"]
[EventDate "2022.10.22"]

1. d4 d5 2. c4 e6 3. Nf3 a6 4. Bg5 Be7 5. Bxe7 Nxe7 6. Nbd2 O-O 7. g3 Nd7 8. Bg2
c5 9. dxc5 Nxc5 10. O-O b5 11. cxb5 axb5 12. Qc2 Nd7 13. Rfc1 b4 14. Qc7 Ba6 15.
Bf1 Rc8 16. Qa7 Ra8 17. Qc7 Rc8 18. Qa7 Ra8 19. Qc7 Rc8 20. Qa7 Ra8 1/2-1/2

[Event "Bundesliga 2022-23"]
[Site "Schoenaich GER"]
[Date "2023.02.26"]
[Round "9.1"]
[Board "6"]
[White "Costa, Leonardo"]
[Black "Shirov, Alexei"]
[Result "1-0"]
[WhiteTitle "FM"]
[BlackTitle "GM"]
[WhiteElo "2350"]
[BlackElo "2662"]
[WhiteTeam "Muenchener Schachclub 1836"]
[BlackTeam "OSG Baden-Baden"]
[WhiteFideId "16213955"]
[BlackFideId "2209390"]
[EventDate "2022.10.22"]

1. e4 e5 2. Nf3 Nc6 3. Bb5 Nf6 4. d3 d6 5. O-O g6 6. c3 Bg7 7. Nbd2 O-O 8. Re1
Nh5 9. h3 f5 10. d4 fxe4 11. Nxe4 d5 12. Bg5 Qe8 13. Nc5 e4 14. Qb3 Qf7 15. Nxe4
Na5 16. Qa4 dxe4 17. Rxe4 b6 18. Re7 Qd5 19. c4 Qd6 20. c5 Qd5 21. Ne5 Be6 22.
Re1 Qxa2 23. Qxa2 Bxa2 24. b4 a6 25. Bd7 bxc5 26. dxc5 Bxe5 27. R1xe5 Nc4 28.
Be6+ Kh8 29. Re4 a5 30. bxa5 Rxa5 31. Bxc4 Bxc4 32. Rxc4 Ra1+ 33. Rc1 Rxc1+ 34.
Bxc1 c6 35. Rc7 Re8 36. Bh6 1-0

[Event "Bundesliga 2022-23"]
[Site "Schoenaich GER"]
[Date "2023.02.26"]
[Round "9.1"]
[Board "7"]
[White "Bacrot, Etienne"]
[Black "Speelman, Jon S"]
[Result "1-0"]
[WhiteTitle "GM"]
[BlackTitle "GM"]
[WhiteElo "2646"]
[BlackElo "2493"]
[WhiteTeam "OSG Baden-Baden"]
[BlackTeam "Muenchener Schachclub 1836"]
[WhiteFideId "605506"]
[BlackFideId "400033"]
[EventDate "2022.10.22"]

1. d4 Nf6 2. c4 e6 3. Nf3 Bb4+ 4. Bd2 a5 5. a3 Bxd2+ 6. Qxd2 d6 7. Nc3 Nbd7 8.
g4 e5 9. g5 Nh5 10. dxe5 dxe5 11. Rd1 c6 12. Ne4 O-O 13. Bh3 f5 14. gxf6 Nhxf6
15. Be6+ Kh8 16. Nd6 Qe7 17. Ng5 h6 18. Ndf7+ Rxf7 19. Nxf7+ Kg8 20. Qd6 Kf8 21.
Rg1 Ne8 22. Qxe7+ Kxe7 23. Bxd7 Bxd7 24. Nxe5 Be6 25. f4 1-0

[Event "Bundesliga 2022-23"]
[Site "Schoenaich GER"]
[Date "2023.02.26"]
[Round "9.1"]
[Board "8"]
[White "Ciolek, Andreas"]
[Black "Donchenko, Alexander"]
[Result "0-1"]
[WhiteTitle "FM"]
[BlackTitle "GM"]
[WhiteElo "2301"]
[BlackElo "2646"]
[WhiteTeam "Muenchener Schachclub 1836"]
[BlackTeam "OSG Baden-Baden"]
[WhiteFideId "12906727"]
[BlackFideId "24603295"]
[EventDate "2022.10.22"]

1. d4 Nf6 2. Nf3 d5 3. g3 Bf5 4. Bg2 e6 5. c4 c6 6. Nc3 h6 7. Qb3 Qb6 8. c5 Qxb3
9. axb3 Be7 10. h4 O-O 11. O-O Nbd7 12. b4 a6 13. Bf4 Ne4 14. Rfe1 Rfe8 15. Ne5
Nxe5 16. Bxe5 f6 17. Bf4 g5 18. hxg5 hxg5 19. Be3 Kf7 20. Nxe4 Bxe4 21. f3 Bg6
22. Bd2 Bd8 23. Kf2 Bc7 24. e4 Rad8 25. e5 Rh8 26. f4 Be4 27. Rh1 Kg6 28. Bf3
fxe5 29. Rxh8 Rxh8 30. Bxe4+ dxe4 31. fxe5 Rh2+ 32. Ke3 Bd8 33. Rg1 g4 34. Bc1
Bg5+ 35. Kxe4 Bxc1 36. Rxc1 Re2+ 37. Kf4 Rxb2 38. Kxg4 Rxb4 39. Rd1 a5 40. Kf4
a4 41. Ke4 a3 42. Kd3 a2 43. Ra1 Ra4 44. Kc3 Kf5 45. g4+ Kxg4 46. Kb3 Rxd4 47.
Rxa2 Kf5 48. Ra7 Kxe5 49. Rxb7 Kd5 50. Re7 Re4 51. Kc3 Kxc5 52. Kd3 Re5 53. Re8
Rd5+ 54. Kc3 Kd6 55. Rh8 Ke5 56. Rh5+ Kf4 57. Rh4+ Kg5 58. Rh8 e5 59. Rc8 Rd6
60. Rf8 e4 61. Kc2 Kg4 62. Kc1 e3 63. Re8 Kf3 64. Rf8+ Ke2 65. Rh8 Rd5 66. Re8
Rc5+ 67. Kb2 Kd2 0-1

[Event "Bundesliga 2022-23"]
[Site "Schoenaich GER"]
[Date "2023.02.26"]
[Round "9.2"]
[Board "1"]
[White "Bosiocic, Marin"]
[Black "Narayanan, S.L."]
[Result "1-0"]
[WhiteTitle "GM"]
[BlackTitle "GM"]
[WhiteElo "2548"]
[BlackElo "2663"]
[WhiteTeam "TSV Schoenaich"]
[BlackTeam "SV Deggendorf"]
[WhiteFideId "14507927"]
[BlackFideId "5058422"]
[EventDate "2022.10.22"]

1. Nf3 d5 2. g3 Nf6 3. Bg2 c5 4. O-O e6 5. c4 d4 6. e3 Nc6 7. exd4 cxd4 8. d3 h6
9. b3 Bd6 10. Ba3 O-O 11. Bxd6 Qxd6 12. a3 a5 13. Nbd2 e5 14. Nh4 Be6 15. Qc2
Nd7 16. Ne4 Qc7 17. c5 Na7 18. Rac1 Nb5 19. a4 Na7 20. f4 exf4 21. gxf4 Qd8 22.
f5 Bxb3 23. Qxb3 Qxh4 24. Qd5 Rad8 25. Qxb7 Nc8 26. Qc7 f6 27. Rf3 Ne5 28. Rg3
Rd7 29. Qxa5 Ne7 30. Rf1 Nd5 31. c6 Nxc6 32. Qe1 Kh8 33. Nc5 Re7 34. Ne6 Nf4 35.
Bxc6 1-0

[Event "Bundesliga 2022-23"]
[Site "Schoenaich GER"]
[Date "2023.02.26"]
[Round "9.2"]
[Board "2"]
[White "Sedlak, Nikola"]
[Black "Kadric, Denis"]
[Result "0-1"]
[WhiteTitle "GM"]
[BlackTitle "GM"]
[WhiteElo "2472"]
[BlackElo "2561"]
[WhiteTeam "SV Deggendorf"]
[BlackTeam "TSV Schoenaich"]
[WhiteFideId "922900"]
[BlackFideId "14403803"]
[EventDate "2022.10.22"]

1. Nf3 d6 2. d4 Nf6 3. g3 Nbd7 4. Bg2 e5 5. O-O c6 6. c4 e4 7. Ng5 d5 8. Nc3 h6
9. Nh3 Bb4 10. Qb3 Bxc3 11. Qxc3 O-O 12. b3 Re8 13. f3 exf3 14. exf3 dxc4 15.
bxc4 b5 16. Nf2 Nb6 17. c5 Na4 18. Qd2 Bf5 19. Ba3 a5 20. Rae1 b4 21. Bc1 Qd5
22. g4 Rxe1 23. Rxe1 Be6 24. f4 Qd7 25. g5 hxg5 26. fxg5 Nd5 27. Nd3 Nac3 28.
Ne5 Qc7 29. Qf2 a4 30. g6 fxg6 31. Qh4 Bf5 32. Nf3 Qd7 33. Ne5 Qc7 34. Nf3 Qd7
35. Ne5 Qb7 36. Bh3 Re8 37. Rf1 Ne2+ 38. Kh1 Nxd4 39. Bg2 Rxe5 40. Qxd4 Qe7 41.
Bg5 Qe6 0-1

[Event "Bundesliga 2022-23"]
[Site "Schoenaich GER"]
[Date "2023.02.26"]
[Round "9.2"]
[Board "3"]
[White "Ivanisevic, Ivan"]
[Black "Delchev, Aleksander"]
[Result "0-1"]
[WhiteTitle "GM"]
[BlackTitle "GM"]
[WhiteElo "2547"]
[BlackElo "2503"]
[WhiteTeam "TSV Schoenaich"]
[BlackTeam "SV Deggendorf"]
[WhiteFideId "912417"]
[BlackFideId "2900394"]
[EventDate "2022.10.22"]

1. d4 Nf6 2. c4 g6 3. g3 c6 4. Bg2 d5 5. Qa4 Nfd7 6. cxd5 Nb6 7. Qd1 cxd5 8. Nc3
Bg7 9. Nf3 Nc6 10. O-O O-O 11. Bf4 Bf5 12. h3 Rc8 13. g4 Be4 14. e3 Bxf3 15.
Qxf3 e6 16. Rfc1 Qe7 17. Qe2 Rfd8 18. a3 a6 19. Bg3 Na5 20. Rd1 Qd7 21. Rd3 Na4
22. e4 Nxc3 23. bxc3 Qb5 24. a4 Qb3 25. Qe1 Nc4 26. Rb1 Qc2 27. Rdd1 Rd7 28. Ra1
Bf8 29. Rdc1 Qd2 30. exd5 exd5 31. Rd1 Qxe1+ 32. Rxe1 Ba3 33. Re2 Bb2 34. Rae1
Bxc3 35. Re8+ Rxe8 36. Rxe8+ Kg7 37. h4 Bxd4 38. h5 g5 39. Bf1 Nd6 40. Be5+ Bxe5
41. Rxe5 Ne4 42. Bd3 f6 43. Re8 Nd6 44. Rb8 f5 45. gxf5 Kf6 46. Kf1 Rf7 47. Rd8
Nxf5 48. Ke2 Nd4+ 49. Kd2 Ke5 50. Rh8 Rxf2+ 51. Kc3 Ne6 52. Rxh7 Nf4 53. Bb1 d4+
54. Kb3 Rf1 55. Kb2 d3 56. Rd7 Nxh5 57. Bxd3 Rf2+ 58. Kc3 Nf4 59. Bc4 g4 60. Rg7
Rf3+ 61. Kd2 Kd4 62. Bg8 g3 63. Rd7+ Kc5 64. Rc7+ Kd6 65. Rg7 g2 66. Bc4 Ke5 0-1

[Event "Bundesliga 2022-23"]
[Site "Schoenaich GER"]
[Date "2023.02.26"]
[Round "9.2"]
[Board "4"]
[White "Stojanovic, Dalibor"]
[Black "Perunovic, Milos"]
[Result "1/2-1/2"]
[WhiteTitle "GM"]
[BlackTitle "GM"]
[WhiteElo "2472"]
[BlackElo "2542"]
[WhiteTeam "SV Deggendorf"]
[BlackTeam "TSV Schoenaich"]
[WhiteFideId "922692"]
[BlackFideId "921629"]
[EventDate "2022.10.22"]

1. e4 c5 2. Nf3 Nc6 3. d4 cxd4 4. Nxd4 e5 5. Nb5 d6 6. c4 g6 7. N1c3 a6 8. Na3
Be6 9. Be3 Bg7 10. Nc2 Nf6 11. Be2 O-O 12. O-O Rc8 13. Qd2 Ne7 14. Na3 Nc6 15.
Rfd1 Nd4 16. f3 Nh5 17. Bf1 f5 18. Nc2 fxe4 19. Nxe4 d5 20. Nxd4 exd4 21. Bg5
Qd7 22. cxd5 Bxd5 23. Re1 Rfe8 24. Bd3 Bxe4 25. Bxe4 Nf6 26. Bc2 Nd5 27. Bb3 Kh8
28. Rxe8+ Rxe8 29. Re1 Rxe1+ 30. Qxe1 Ne3 31. Qf2 Qf5 32. Bxe3 dxe3 1/2-1/2

[Event "Bundesliga 2022-23"]
[Site "Schoenaich GER"]
[Date "2023.02.26"]
[Round "9.2"]
[Board "5"]
[White "Krassowizkij, Jaroslaw"]
[Black "Bogosavljevic, Boban"]
[Result "1/2-1/2"]
[WhiteTitle "IM"]
[BlackTitle "GM"]
[WhiteElo "2439"]
[BlackElo "2533"]
[WhiteTeam "TSV Schoenaich"]
[BlackTeam "SV Deggendorf"]
[WhiteFideId "1271703"]
[BlackFideId "931152"]
[EventDate "2022.10.22"]

1. e4 c5 2. Nf3 g6 3. d4 cxd4 4. Nxd4 Nc6 5. c4 Nf6 6. Nc3 Nxd4 7. Qxd4 d6 8. f3
Bg7 9. Be3 O-O 10. Qd2 Be6 11. Rc1 Qa5 12. Be2 Rfc8 13. b3 a6 14. Na4 Qxd2+ 15.
Kxd2 Nd7 16. g4 f5 17. exf5 gxf5 18. g5 d5 19. cxd5 Bxd5 20. Rhd1 b5 21. Nc5 Ne5
22. f4 Nf3+ 23. Bxf3 Bxf3 24. Rf1 Bh5 25. Ne6 Bb2 26. Rc2 Rxc2+ 27. Kxc2 Ba3 28.
Kd3 Rc8 29. Rf2 Kf7 30. Nd4 Bd6 31. Ne2 b4 32. Bd4 Bxe2+ 33. Kxe2 Rc1 34. Kf3
Rd1 35. Be3 Kg6 36. Rd2 Rf1+ 37. Rf2 Ra1 38. Re2 Rf1+ 39. Rf2 Rh1 40. Rg2 Rd1
41. Rd2 Ra1 42. Bf2 Rc1 43. Bg3 Rc3+ 44. Kg2 h6 45. gxh6 Kxh6 46. Re2 Kh5 47. h3
Kg6 48. Bh4 Bxf4 49. Bxe7 a5 50. Bd8 a4 51. bxa4 Rg3+ 52. Kf2 Rxh3 53. Re6+ Kh5
54. Rf6 Ra3 55. Rxf5+ Kg4 56. Rd5 Rxa2+ 57. Ke1 Kf3 58. Rd3+ Be3 59. Bf6 Rc2 60.
a5 b3 61. Bd4 Rc1+ 62. Rd1 Rxd1+ 63. Kxd1 Bxd4 64. Kd2 Ke4 65. a6 Kd5 66. a7
Bxa7 67. Kc3 Bd4+ 68. Kxb3 1/2-1/2

[Event "Bundesliga 2022-23"]
[Site "Schoenaich GER"]
[Date "2023.02.26"]
[Round "9.2"]
[Board "6"]
[White "Popovic, Dusan"]
[Black "Koelle, Tobias"]
[Result "1/2-1/2"]
[WhiteTitle "GM"]
[BlackTitle "FM"]
[WhiteElo "2486"]
[BlackElo "2439"]
[WhiteTeam "SV Deggendorf"]
[BlackTeam "TSV Schoenaich"]
[WhiteFideId "927031"]
[BlackFideId "16207378"]
[EventDate "2022.10.22"]

1. e4 c5 2. Nf3 Nc6 3. Bb5 e6 4. O-O Nge7 5. Re1 a6 6. Bf1 d5 7. d3 d4 8. e5 Nd5
9. c4 dxc3 10. bxc3 Rb8 11. h4 Be7 12. c4 Nb6 13. Nc3 O-O 14. Ne4 Nd7 15. Bf4 b5
16. cxb5 axb5 17. d4 cxd4 18. Nxd4 Nxd4 19. Qxd4 Qb6 20. Qd1 Rd8 21. Qg4 Bb7 22.
h5 Bxe4 23. Rxe4 Kh8 24. Re3 Bc5 25. Rf3 Ra8 26. Bg3 Ra4 27. Qg5 h6 28. Qc1 Bd4
29. Rb1 Nxe5 30. Bxe5 Bxe5 31. Bxb5 Rxa2 32. Bc4 Rb2 33. Rxb2 Bxb2 34. Qb1 Qc7
35. Bd3 Bf6 36. g3 Qc5 37. Qb5 Qxb5 38. Bxb5 Rd5 39. Be2 Kg8 40. Rd3 Bd4 41. Kg2
Kf8 42. f4 Ke7 43. Kf3 f5 44. g4 fxg4+ 45. Ke4 g3 46. Bf3 Bf6 47. Rxd5 exd5+ 48.
Kxd5 Bb2 49. Ke4 Kd6 50. Bg2 Bc3 51. Kf3 Be1 1/2-1/2

[Event "Bundesliga 2022-23"]
[Site "Schoenaich GER"]
[Date "2023.02.26"]
[Round "9.2"]
[Board "7"]
[White "Richter, Nils"]
[Black "Petrov, Martin"]
[Result "0-1"]
[WhiteTitle "FM"]
[BlackTitle "GM"]
[WhiteElo "2395"]
[BlackElo "2530"]
[WhiteTeam "TSV Schoenaich"]
[BlackTeam "SV Deggendorf"]
[WhiteFideId "12990809"]
[BlackFideId "2911086"]
[EventDate "2022.10.22"]

1. Nf3 c5 2. c4 Nc6 3. e3 Nf6 4. Nc3 e6 5. d4 d5 6. cxd5 exd5 7. Bb5 Be6 8. O-O
Rc8 9. b3 Be7 10. dxc5 Bxc5 11. Bb2 O-O 12. Rc1 Qe7 13. Ne2 Ba3 14. Bxa3 Qxa3
15. Ned4 Nxd4 16. Nxd4 a6 17. Bd3 Qxa2 18. Nxe6 fxe6 19. Rxc8 Rxc8 20. e4 dxe4
21. Bc4 Re8 22. Qd6 Kf7 23. Qb6 Re7 24. f3 exf3 25. Rxf3 Qa1+ 26. Rf1 Qe5 27.
Qd8 b5 28. Bd3 Qd5 29. Qxd5 exd5 30. Rc1 Re3 31. Rc7+ Kf8 32. Bf5 g6 33. Rc6 Kg7
34. Bc8 d4 35. g4 Rc3 0-1